Chronique d'un départ annoncâe-- le fil des événements / (Record no. 30297)
[ view plain ]
| 000 -LEADER | |
|---|---|
| campo de control de longitud fija | 01146cam a2200325Ia 4500 |
| 001 - NÚMERO DE CONTROL | |
| campo de control | 39658 |
| 005 - FECHA Y HORA DE LA ÚLTIMA TRANSACCIÓN | |
| campo de control | 20230410105117.0 |
| 008 - DATOS DE LONGITUD FIJA--INFORMACIÓN GENERAL | |
| campo de control de longitud fija | 050916s2004 ht a b 000 0 fre d |
| 035 ## - NÚMERO DE CONTROL DEL SISTEMA | |
| Número de control de sistema | (OCoLC)ocm61521359 |
| 040 ## - FUENTE DE CATALOGACIÓN | |
| Centro catalogador/agencia de origen | ZQP |
| Centro/agencia transcriptor | ZQP |
| Centro/agencia modificador | ZQP |
| 020 ## - NÚMERO INTERNACIONAL ESTÁNDAR DEL LIBRO | |
| ISBN cancelado o inválido | 9769501707 |
| 035 ## - NÚMERO DE CONTROL DEL SISTEMA | |
| Número de control de sistema | (OCoLC)61521359 |
| 082 04 - NÚMERO DE LA CLASIFICACIÓN DECIMAL DEWEY | |
| Número de clasificación | 972.94 |
| Número de edición | 22 |
| 050 14 - SIGNATURA TOPOGRÁFICA DE LA BIBLIOTECA DEL CONGRESO | |
| Número de clasificación | CEH |
| 100 1# - ENTRADA PRINCIPAL--NOMBRE DE PERSONA | |
| Nombre de persona | Ledan, Jean, |
| Fechas asociadas al nombre | 1958- |
| 245 10 - MENCIÓN DEL TÍTULO | |
| Título | Chronique d'un départ annoncâe-- le fil des événements / |
| Mención de responsabilidad, etc. | Jean Ledan fils. |
| 246 1# - FORMA VARIANTE DEL TITULO | |
| Texto de visualización | At head of title: |
| Título propio/Titulo breve | Haèiti 2004 bicentenaire de l'indépendance |
| 260 ## - PUBLICACIÓN, DISTRIBUCIÓN, ETC. | |
| Lugar de publicación, distribución, etc. | [Port-au-Prince, Haiti] : |
| Nombre del editor, distribuidor, etc. | Béljwáet Pubs., |
| Fecha de publicación, distribución, etc. | [2004] |
| 300 ## - DESCRIPCIÓN FÍSICA | |
| Extensión | 47 p. : |
| Otras características físicas | ill. ; |
| Dimensiones | 22 cm. |
| 500 ## - NOTA GENERAL | |
| Nota general | "1804, Independance d'Haiti-1904, Centenaire de'l'Indépendance d'Haiti" --Cover. |
| 504 ## - NOTA DE BIBLIOGRAFÍA, ETC. | |
| Nota de bibliografía, etc. | Includes bibliographical references. |
| 651 #0 - PUNTO DE ACCESO ADICIONAL DE MATERIA--NOMBRE GEOGRÁFICO | |
| Nombre geográfico | Haiti |
| Subdivisión general | Centennial celebrations, etc. |
| Subdivisión de forma | Chronology. |
| 600 10 - PUNTO DE ACCESO ADICIONAL DE MATERIA--NOMBRE DE PERSONA | |
| Nombre de persona | Aristide, Jean-Bertrand |
| Subdivisión de forma | Chronology. |
| 610 10 - PUNTO DE ACCESO ADICIONAL DE MATERIA--NOMBRE DE ENTIDAD CORPORATIVA | |
| Nombre de entidad corporativa o nombre de jurisdicción como elemento de entrada | Dessalines, Jean-Jacques, |
| Fecha del congreso o de la firma del tratado | 1758-1806 |
| Subdivisión de forma | Chronology. |
| 650 #4 - PUNTO DE ACCESO ADICIONAL DE MATERIA--TÉRMINO DE MATERIA | |
| Término de materia o nombre geográfico como elemento de entrada | CEH |
| 650 #4 - PUNTO DE ACCESO ADICIONAL DE MATERIA--TÉRMINO DE MATERIA | |
| Término de materia o nombre geográfico como elemento de entrada | Colección Estudios Haitianos |
| 651 #0 - PUNTO DE ACCESO ADICIONAL DE MATERIA--NOMBRE GEOGRÁFICO | |
| Nombre geográfico | Haiti |
| Subdivisión general | History |
| Subdivisión cronológica | 1804- |
| Subdivisión de forma | Sources. |
| 942 ## - ELEMENTOS DE ENTRADA SECUNDARIOS (KOHA) | |
| Fuente del sistema de clasificación o colocación | Clasificación de Library of Congress |
| Tipo de ítem Koha | |
| 994 ## - | |
| -- | C0 |
| -- | DRFGD |
| Estatus retirado | Estado de pérdida | Fuente del sistema de clasificación o colocación | Estado de daño | No para préstamo | Colección | Biblioteca de origen | Biblioteca actual | Ubicación en estantería | Fecha de adquisición | Serial enumeration / chronology | Signatura topográfica completa | Código de barras | Visto por última vez | Copia número | Tipo de ítem Koha |
|---|---|---|---|---|---|---|---|---|---|---|---|---|---|---|---|
| Clasificación de Library of Congress | Recursos Regionales | Biblioteca Juan Bosch | Biblioteca Juan Bosch | Recursos Regionales (2do. Piso) | 10/04/2023 | 3 | CEH | 00000040693 | 23/10/2018 | 1 |
